00495ntaaa2200181 45000030003000000050017000030080021000200400037000410820017000781000025000952450030001202500010001502600053001603000010002135000053002236500017002767000020002930120251027202732.00714s1973 ag 01  aAR-BaBNbspacAR-BaBNeaacrdRIC a657.0000 P58 aPicoli, Angel M. E.  aElementos de contabilidad a1 ed. aBuenos Aires : bLibrería del Colegio, cc1967 a551 p aLibro perdido. Juego de fichas retirado 10/5/76 acontabilidad aPino, Antonino